• 首页
  • 本馆介绍
  • 公告通知
  • 最新文献
  • 馆藏检索
  • 电子资源
  • 读者导购
  • 参考咨询
  • 我的图书馆
  • 登录
  • 详细信息显示
  • 放入我的书架
  • 预约/预借图书
  • 作者相关作品
  • 分类相关作品
  • 丛书相关作品
  • 出版社相关作品

书目信息

  • 表格格式
  • 工作单格式
  • 卡片格式
题名:
中华烹饪文化
    
 
作者: 李燕 , 罗日明 主编
分册:  
出版信息: 北京   海豚出版社  2023
页数: 151页
开本: 24cm
丛书名: 新时代中华传统文化知识丛书
单 册:
中图分类: TS972.11
科图分类:
主题词: 烹饪--文化--中国
电子资源:
ISBN: 978-7-5110-6321-2
000 00869nam0 2200253 450
001 2363318230
005 20231128173528.34
010    @a978-7-5110-6321-2@dCNY39.80
100    @a20230602d2023 em y0chiy50 ea
101 0  @achi
102    @aCN@b110000
105    @aa z 000yy
200 1  @a中华烹饪文化@Azhong hua peng ren wen hua@f李燕,罗日明主编
210    @a北京@c海豚出版社@d2023
215    @a151页@c图,彩照@d24cm
225 1  @a新时代中华传统文化知识丛书
330    @a本书从中华烹饪文化的意义、食材库的演变、中餐的历史发展、烹饪的风味流派和技法工艺、中华代表性美食等方面入手,向读者介绍了享誉世界的中华烹饪文化。
410  0 @12001 @a新时代中华传统文化知识丛书
606 0  @a烹饪@x文化@y中国
690    @aTS972.11@v5
701  0 @a李燕@Ali yan@4主编
701  0 @a罗日明@Aluo ri ming@4主编
801  0 @aCN@b91MARC@c20230603
905    @aZUCC@dTS972.11@e10
    
    中华烹饪文化/李燕,罗日明主编.-北京:海豚出版社,2023
    151页:图,彩照;24cm.-(新时代中华传统文化知识丛书)
    
    
    ISBN 978-7-5110-6321-2:CNY39.80
    本书从中华烹饪文化的意义、食材库的演变、中餐的历史发展、烹饪的风味流派和技法工艺、中华代表性美食等方面入手,向读者介绍了享誉世界的中华烹饪文化。
●
相关链接 在五车中查询图书 在当当中查询图书 在豆瓣中查询图书


正题名:中华烹饪文化     索取号:TS972.11/10         预约/预借

序号 登录号 条形码 馆藏地/架位号 状态 备注
1 2001057885   2001057885   辽宁一、悦读混合/辽宁北配(第三批)/辽批209/ [索取号:TS972.11/10] 在馆    
2 2001057886   2001057886   辽宁一、悦读混合/辽宁北配(第三批)/辽批209/ [索取号:TS972.11/10] 在馆    
3 2001057887   2001057887   辽宁一、悦读混合/辽宁北配(第三批)/辽批209/ [索取号:TS972.11/10] 在馆    
4 2001057888   2001057888   辽宁一、悦读混合/辽宁北配(第三批)/辽批209/ [索取号:TS972.11/10] 在馆    
5 2001057889   2001057889   辽宁一、悦读混合/辽宁北配(第三批)/辽批209/ [索取号:TS972.11/10] 在馆    
6 2001057890   2001057890   辽宁一、悦读混合/辽宁北配(第三批)/辽批209/ [索取号:TS972.11/10] 在馆    
山东省滨州职业学院图书馆 欢迎您!
大连网信软件有限公司© 版权所有